| 000 | 00898nam a2200265Ia 4500 | ||
|---|---|---|---|
| 003 | OSt | ||
| 005 | 20221005105302.0 | ||
| 006 | a|||||r|||| 00| 0 | ||
| 007 | ta | ||
| 008 | 221004b |||||||| |||| 00| 0 hin d | ||
| 020 |
_a81070168279 (hbk) _c450 |
||
| 024 | _a20585 | ||
| 037 |
_b24018, 27/03/2015, Kitab Ghar _cTextual |
||
| 040 |
_aCRL _cCRL _bhin |
||
| 041 |
_2hin _ahin |
||
| 082 | _aP152v, P7;Q2 | ||
| 100 | _aटंडन, पूरनचंद | ||
| 245 | 0 |
_aहिन्दी भाषा _b कल और आज |
|
| 246 | _aHindī bhāṣhā: kal aur āja | ||
| 260 |
_aनई दिल्ली _bकिताबघर भारत _c2012 |
||
| 300 |
_a254पृ0 _ccm. |
||
| 650 | _aहिन्दी भाषा | ||
| 942 |
_hP152v, P7;Q2 _cTEXL _2cc |
||
| 999 |
_c1015367 _d1015367 |
||